Quiz - Cinéma : Actrices françaises - Statistiques

Statistiques générales
  • Ce quiz a été pris 353 fois
  • Le résultat moyen est 17 sur 35
Statistiques - réponses
Par images Réponse % Correct
Marion Cotillard
92%
Catherine Deneuve
87%
Virginie Efira
81%
Camille Cottin
77%
Isabelle Adjani
76%
Brigitte Bardot
75%
Adèle Exarchopoulos
74%
Audrey Tautou
69%
Isabelle Huppert
66%
Josiane Balasko
65%
Sophie Marceau
64%
Léa Seydoux
62%
Fanny Ardant
60%
Eva Green
59%
Miou-Miou
52%
Sandrine Kiberlain
49%
Emmanuelle Béart
47%
Juliette Binoche
44%
Anémone
43%
Catherine Frot
41%
Nathalie Baye
41%
Adèle Haenel
39%
Laure Calamy
39%
Bérénice Bejo
38%
Karin Viard
38%
Annie Girardot
33%
Simone Signoret
33%
Anais Demoustier
29%
Virginie Ledoyen
27%
Sylvie Testud
19%
Sandrine Bonnaire
18%
Sabine Azéma
17%
Claude Gensac
15%
Michèle Morgan
14%
Dominique Blanc
11%
Aucun quiz correspondant
Distribution des résultats
% des personnes avec chaque résultat
Percentile par nombre de réponses
Votre historique - résultats
Vous n’avez pas pris ce quiz